| 000 | 00766nam a2200169 i 4500 | ||
|---|---|---|---|
| 001 | 62187 | ||
| 003 | ES-MaACL | ||
| 005 | 20230906164625.0 | ||
| 007 | t| | ||
| 008 | 031118s1969 sp af |||| | spa d | ||
| 111 | 2 |
_aFeria Oficial Monográfica Internacional de Equipo de Oficina y de la Informática ( _n9ª. _d1969. _cMadrid) _9169731 |
|
| 245 | 1 | 0 |
_aCatálogo de material de oficina / _c9ª S.I.M.O., Feria de Muestras Monografica Internacional del Equipo de Oficina y de la Informática, Madrid, noviembre 1969. |
| 260 |
_aMadrid : _b[Centro de la Informática, Técnica y Material Administrativos, _c1969] ( _fRaycar) |
||
| 300 |
_a1074 p., 2 lám. : _bil. ; _c24 cm. |
||
| 650 | 4 |
_aOficinas- _xMaterial y equipo- _vCatálogos. _9169722 |
|
| 852 |
_aES-MaACL _jC-46706 |
||
| 999 |
_c62187 _d62187 |
||